| 000 | 01372nam a2200421 i 4500 | ||
|---|---|---|---|
| 001 | 35863 | ||
| 003 | KOSZ 005 | ||
| 005 | 20191025160008.0 | ||
| 008 | 971010s1989 pl a f f |001 0 pol | ||
| 015 | _aPB 1989/1614 | ||
| 020 | _a8320409829 | ||
| 035 | _a(OCoLC)751320637 | ||
| 040 |
_aWA N _cWA N _dKOSZ 005/HR |
||
| 046 | _k1989 | ||
| 080 | _a621.313 | ||
| 080 | _a681.5 | ||
| 080 | _a(075.8) | ||
| 100 | 1 |
_aBisztyga, Kazimierz _d(1922-2010) _eAutor |
|
| 245 | 1 | 0 |
_aSterowanie i regulacja silników elektrycznych / _cKazimierz Bisztyga. |
| 260 |
_aWarszawa : _bWydawnictwa Naukowo-Techniczne, _c1989. |
||
| 300 |
_a340 s. : _brys., wykr. ; _c24 cm. |
||
| 336 |
_2rdacontent _aTekst _btxt |
||
| 337 |
_2rdamedia _aBez urządzenia pośredniczącego _bn |
||
| 338 |
_2rdacarrier _aWolumin _bnc |
||
| 380 | _aKsiążki | ||
| 380 | _aPublikacje dydaktyczne | ||
| 385 |
_mPoziom nauczania _aSzkoły wyższe |
||
| 388 | _a1901-2000 | ||
| 388 | _a1945-1989 | ||
| 504 | _aBibliogr. s. 337. - Indeks. | ||
| 658 | _aInżynieria i technika | ||
| 655 | 4 | _aPodręczniki akademickie | |
| 650 | 4 | _aSterowanie | |
| 650 | 4 | _aSilniki elektryczne | |
| 710 | 2 |
_aWydawnictwa Naukowo-Techniczne _4pbl. |
|
| 856 |
_uhttp://koha.tu.koszalin.pl/cgi-bin/koha/opac-detail.pl?biblionumber=35863 _yKatalog online BPK |
||
| 942 |
_2UKD _cKS |
||
| 999 |
_c35863 _d35863 |
||